MAASAI MARA UNIVERSITY

LIBRARY CATALOGUE

Contact Us: +254 020 2685356/7 or 0774 057787

Box: 861-20500, NAROK, KENYA

Email: info@mmarau.ac.ke

Microsoft Word 2002 : (Record no. 17368)

MARC details
000 -LEADER
fixed length control field 01034cam a2200301 a 4500
001 - CONTROL NUMBER
control field 12405859
003 - CONTROL NUMBER IDENTIFIER
control field OSt
005 - DATE AND TIME OF LATEST TRANSACTION
control field 20210930042112.0
008 - FIXED-LENGTH DATA ELEMENTS--GENERAL INFORMATION
fixed length control field 010511s2002 mnua 001 0 eng
010 ## - LIBRARY OF CONGRESS CONTROL NUMBER
LC control number 2001033791
020 ## - INTERNATIONAL STANDARD BOOK NUMBER
International Standard Book Number 0763814644
040 ## - CATALOGING SOURCE
Original cataloging agency MMU
Transcribing agency MMU
Modifying agency MMU
Language of cataloging eng
050 00 - LIBRARY OF CONGRESS CALL NUMBER
Classification number Z52.5.M52
Item number R944 2002
082 00 - DEWEY DECIMAL CLASSIFICATION NUMBER
Classification number 652.5/5369
Edition number 21
100 1# - MAIN ENTRY--PERSONAL NAME
Personal name Rutkosky, Nita Hewitt.
245 10 - TITLE STATEMENT
Title Microsoft Word 2002 :
Remainder of title expert certification /
Statement of responsibility, etc. Nita Rutkosky.
246 3# - VARYING FORM OF TITLE
Title proper/short title Word 2002, expert certification
260 ## - PUBLICATION, DISTRIBUTION, ETC. (IMPRINT)
Place of publication, distribution, etc. St. Paul, MN :
Name of publisher, distributor, etc. EMCParadigm,
Date of publication, distribution, etc. c2002.
300 ## - PHYSICAL DESCRIPTION
Extent viii, 319 p. :
Other physical details col. ill. ;
Dimensions 28 cm.
Accompanying material + 1 CD-ROM (4 3/4 in.).
490 1# - SERIES STATEMENT
Series statement Benchmark series
500 ## - GENERAL NOTE
General note Includes index.
630 00 - SUBJECT ADDED ENTRY--UNIFORM TITLE
Uniform title Microsoft Word.
650 #0 - SUBJECT ADDED ENTRY--TOPICAL TERM
Topical term or geographic name as entry element Word processing.
830 #0 - SERIES ADDED ENTRY--UNIFORM TITLE
Uniform title Benchmark series (Saint Paul, Minn.)
906 ## - LOCAL DATA ELEMENT F, LDF (RLIN)
a 7
b cbc
c orignew
d 1
e ocip
f 20
g y-gencatlg
942 ## - ADDED ENTRY ELEMENTS (KOHA)
Source of classification or shelving scheme Library of Congress Classification
Koha item type L
Holdings
Withdrawn status Lost status Source of classification or shelving scheme Damaged status Not for loan Home library Current library Date acquired Source of acquisition Total Checkouts Full call number Barcode Date last seen Cost, replacement price Price effective from Koha item type
    Library of Congress Classification     Maasai Mara University Library -Main Campus Maasai Mara University Library -Main Campus 06/07/2016 Donation   Z52.5 .M52R944 2002 20128685 06/07/2016 2016.00 06/07/2016 L
© 2016 Maasai Mara University.